LEADER 01333nam a2200313 u 4500 001 000000034554 003 CaOOAMICUS 005 20070226112503.0 008 980127s1996 miu u000 u eng u 020 $a0 8010 6713 8 035 $a10781076 040 $aPUL$bita 041 0 $aeng$aheb 100 1 $aOwens, John Joseph,$d1918-$0(OLS)http://pul/name/26610 245 10$aAnalytical key to the Old Testament /$n4.$pIsaiah-Malachi$cJohn Joseph Owens. 246 03$aIsaiah-Malachi 250 $a4th. prt. 260 $aGrand Rapids, Michgan :$bBaker Book House,$c1996. 300 $axi, 941 p. ;$c25 cm 630 04$aBiblia.$pV.T.$lEbraico.$0(OLS)http://pul/subject/17519 630 04$aBiblia.$pV.T.$lInglese.$0(OLS)http://pul/subject/17520 650 4$aLingua ebraica biblica.$0(OLS)http://pul/subject/14997 850 $aPUL 852 $aPUL$W1$xSL Cons. Gen., Altre Classi 1$y1$m2004 F3$j47308$nBK-PRI$b $qStampati$B47308$CPULBib$Z2$F47308 $H $81 941 1 $a8 996 $6020$a0 8010 6713 8$9(OLS)http://pul/number/43401 996 $6245$aAnalytical key to the Old Testament /$n4.$pIsaiah-Malachi$9(OLS)http://pul/title/47569 996 $6246$aIsaiah-Malachi$9(OLS)http://pul/title/47570 996 $6260$aGrand Rapids, Michgan :$bBaker Book House$9(OLS)http://pul/publisher/62126 LEADER 01802nam a2200385 a 4500 001 000000170159 003 CaOOAMICUS 005 20250901165144.0 008 181029s2018 it fa u000 u ita r 020 $a978-88-372-3146-0* 032 $aLibriCat 040 $aPUL$bita 041 1 $aita$hger 082 04$a103 100 1 $aHeidegger, Martin,$d1889-1976.$0(OLS)http://pul/name/5737 240 10$aAusgewahlte Briefe von Martin und Fritz Heidegger.$lItaliano.$0(OLS)http://pul/title/210890 245 10$aCarteggio 1930-1949 /$c Martin Heidegger, Fritz Heidegger ; premessa di Arnulf Heidegger ; edizione italiana a cura di Francesco Alfieri e Friedrich-Wilhelm von Herrmann . 260 $aBrescia :$bMorcelliana,$c2018. 300 $a197 p., [20] carte di tav. : $bill. ; $c21 cm. 490 1 $aFilosofia ;$v92 504 $aBibliografia in nota. 600 14$aHeidegger, Martin,$d1889-1976$xLettere.$0(OLS)http://pul/subject/45704 700 1 $aHerrmann, Friedrich-Wilhelm von,$b1934-2022.$0(OLS)http://pul/name/86483 700 1 $aAlfieri, Francesco,$cO.F.M.,$d1976-$0(OLS)http://pul/name/71244 700 1 $aHeidegger, Arnulf.$0(OLS)http://pul/name/96553 700 1 $aHeidegger, Fritz.$0(OLS)http://pul/name/109504 830 0$aFilosofia (Morcelliana) ;$v92.$0(OLS)http://pul/title/66502 850 $aPUL 852 $aPUL$W1$xSL Filosofia 3$y81$m103 COLL 12.1.92$j193097$qDDC 21$B198405$CPULBib$Z2$F198405 $H131486 $81 941 1 $a9 996 $6020$a978-88-372-3146-0*$9(OLS)http://pul/number/165060 996 $6082$a103$9(OLS)http://pul/classification/621 996 $6245$aCarteggio 1930-1949$9(OLS)http://pul/title/210870 996 $6260$aBrescia :$bMorcelliana$9(OLS)http://pul/publisher/47854